000 00563nam a2200217Ia 4500
003 0100
008 130227s9999 xx 000 0 und d
020 _a9780521657068
040 _cARRUPELIB
050 _aJC251.R32C35 2002
245 _aCambridge companion to Rawls
260 _aCambridge
260 _bCambridge University Press
260 _C2002
300 _axi
300 _b 585p 23cm
440 _aCambridge companions to philosophy
650 _bBible NT Gospels - Commentaries
700 _aFreeman, Samuel Richard (ed)
942 _2lcc
_03
999 _c5758
_d5758